00198nam a22000977a 4500003000400000082000800004100002200012245002600034260003200060300000800092SGT bSHA aSHARMA, DR. R.C.  aADHIGAM AWM SHIKSHAN  aDELHI bSHIKSHA PUB. c2016 a272